| 000 | 00564nam a22001817a 4500 | ||
|---|---|---|---|
| 005 | 20251108163337.0 | ||
| 008 | 250721s1986 xx 000 0 ara d | ||
| 082 | 1 | 4 | _a001.5/شيل |
| 100 | 1 | _aهربرت، شيللر | |
| 245 | 1 | 0 |
_aالمتلاعبون بالعقول : _bكيف يجذب محركو الدمى الكبار ... / |
| 264 | 1 |
_aالكويت : _c1986. |
|
| 300 | _a272ص. | ||
| 490 | 0 | _aسلسلة عالم المعرفه | |
| 650 | 1 | 7 | _aالإعلام |
| 700 | 1 |
_aرضوان، عبد السلام _eترجمة |
|
| 942 |
_2ddc _cBK |
||
| 999 |
_c317 _d317 |
||